MARC

LEADER 00000nam0a2200000 4500
001 261119
005 20231101233533.0
035 |a (RuTPU)RU\TPU\book\284093 
090 |a 261119 
100 |a 20140521d1987 k y0rusy50 ca 
101 0 |a rus 
102 |a RU 
105 |a a z 001zy 
200 1 |a Применение методов голографии в науке и технике  |e сборник научных трудов  |f Академия наук СССР (АН СССР), Физико-технический институт им. А. Ф. Иоффе (ФТИ) 
210 |a Ленинград  |c Изд-во ФТИ  |d 1987 
215 |a 143 с.  |c ил. 
320 |a Библиография в конце статей 
606 1 |a Голография  |2 stltpush  |3 (RuTPU)RU\TPU\subj\7402  |9 35072 
610 1 |a достижения 
610 1 |a физические основы 
610 1 |a прикладные вопросы 
610 1 |a голографическая интерферометрия 
610 1 |a голограммы 
610 1 |a запись 
610 1 |a регистрирующие среды 
610 1 |a исследование 
675 |a 778.38  |v 3 
712 0 2 |a Академия наук СССР (АН СССР)  |b Физико-технический институт им. А. Ф. Иоффе (ФТИ)  |c (Ленинград)  |2 stltpush  |3 (RuTPU)RU\TPU\col\12056 
801 1 |a RU  |b 63413507  |c 20140521 
801 2 |a RU  |b 63413507  |c 20150331  |g RCR 
942 |c BK